Jesus and Logic of History. (Record no. 9841)

MARC details
000 -LEADER
fixed length control field 00677nam a2200241 a 4500
020 ## - INTERNATIONAL STANDARD BOOK NUMBER
ISBN 0851118
082 00 - DEWEY DECIMAL CLASSIFICATION NUMBER
Classification number 232.908
Author Cutter BAR
100 ## - MAIN ENTRY--AUTHOR NAME
Author name Barnett, Paul W
245 ## - TITLE STATEMENT
Title Jesus and Logic of History.
260 ## - PUBLICATION, DISTRIBUTION, ETC. (IMPRINT)
Place of publication Leicester
Name of publisher Inter Varsity Press
Year of publication 1997
300 ## - PHYSICAL DESCRIPTION
Number of Pages 182p
500 ## - GENERAL NOTE
General note includes index and biblioraphy
505 2# - FORMATTED CONTENTS NOTE
Formatted contents note Index of author/New studies in Biblical Theology No.3, Series editor:D.A Carson
650 ## - SUBJECT ADDED ENTRY--TOPICAL TERM
Topical Term Jesus Christ-Historiocity
942 ## - ADDED ENTRY ELEMENTS (KOHA)
Koha item type Books
700 1# -
-- Barnett, Paul W
Holdings
Collection code Home library Current library Date acquired Cost, normal purchase price Full call number Accession Number Koha item type
  Henry Martyn Institute Library Henry Martyn Institute Library 06/19/2007 897.00 232.908 BAR 019622 Books
                   Copyright © 2026 | Henry Martyn Institute | Hyderabad | TS-500052 | INDIA | Implemented by hmi.edu.in
Hit-Count:

Powered by Koha